Storm tide / (Record no. 375178)
[ view plain ]
| 000 -LEADER | |
|---|---|
| fixed length control field | 01608cam a2200409 i 4500 |
| 001 - CONTROL NUMBER | |
| control field | on1331546444 |
| 003 - CONTROL NUMBER IDENTIFIER | |
| control field | OCoLC |
| 005 - DATE AND TIME OF LATEST TRANSACTION | |
| control field | 20220706133428.0 |
| 008 - FIXED-LENGTH DATA ELEMENTS--GENERAL INFORMATION | |
| fixed length control field | 220622s2022 nyua 000 1 eng d |
| 040 ## - CATALOGING SOURCE | |
| Original cataloging agency | NjBwBT |
| Language of cataloging | eng |
| Description conventions | rda |
| Transcribing agency | FSP |
| Modifying agency | FSP |
| -- | OCLCQ |
| -- | IUK |
| -- | YU6 |
| -- | WACOL |
| 020 ## - INTERNATIONAL STANDARD BOOK NUMBER | |
| International Standard Book Number | 9781838778866 |
| Qualifying information | (hardcover) |
| 020 ## - INTERNATIONAL STANDARD BOOK NUMBER | |
| International Standard Book Number | 1838778861 |
| Qualifying information | (hardcover) |
| 035 ## - SYSTEM CONTROL NUMBER | |
| System control number | (OCoLC)1331546444 |
| 043 ## - GEOGRAPHIC AREA CODE | |
| Geographic area code | n-us--- |
| 050 14 - LIBRARY OF CONGRESS CALL NUMBER | |
| Classification number | PR9405.9.S5 |
| Item number | S76 2022 |
| 082 04 - DEWEY DECIMAL CLASSIFICATION NUMBER | |
| Classification number | 823/.914 |
| Edition number | 23/eng/20220614 |
| 092 ## - LOCALLY ASSIGNED DEWEY CALL NUMBER (OCLC) | |
| Classification number | fiction |
| Item number | Smith |
| 049 ## - LOCAL HOLDINGS (OCLC) | |
| Holding library | WACL |
| 100 1# - MAIN ENTRY--PERSONAL NAME | |
| Personal name | Smith, Wilbur A., |
| Relator term | author. |
| 9 (RLIN) | 8089 |
| 245 10 - TITLE STATEMENT | |
| Title | Storm tide / |
| Statement of responsibility, etc | Wilbur Smith ; with Tom Harper. |
| 264 #1 - Production, Publication, Distribution, Manufacture, and Copyright Notice. | |
| Place of production, publication, distribution, manufacture | New York, New York : |
| Name of producer, publisher, distributor, manufacturer | Zaffre, |
| Date of production, publication, distribution, manufacture, or copyr | 2022. |
| 300 ## - PHYSICAL DESCRIPTION | |
| Extent | 457 pages : |
| Other physical details | illustration ; |
| Dimensions | 24 cm |
| 336 ## - Content Type | |
| Content type term | text |
| 337 ## - Media type | |
| Media type term | unmediated |
| 338 ## - Carrier type | |
| Carrier type term | volume |
| 490 1# - SERIES STATEMENT | |
| Series statement | The Courtney series |
| 520 ## - SUMMARY, ETC. | |
| Summary, etc | "A brand-new historical epic, set against the backdrop of the American revolution. The Courtney family is torn apart as three generations fight on opposing sides of a terrible war that will change the face of the world forever"-- |
| -- | Provided by pubisher |
| 521 ## - TARGET AUDIENCE NOTE | |
| Target audience note | adult fiction |
| Source | micromarketing |
| 650 #0 - SUBJECT ADDED ENTRY--TOPICAL TERM | |
| Topical term or geographic name as entry element | Courtney family (Fictitious characters) |
| Form subdivision | Fiction. |
| 9 (RLIN) | 5722417 |
| 651 #0 - SUBJECT ADDED ENTRY--GEOGRAPHIC NAME | |
| Geographic name | United States |
| General subdivision | History |
| Chronological subdivision | Revolution, 1775-1783 |
| Form subdivision | Fiction. |
| 9 (RLIN) | 5675682 |
| 655 #0 - INDEX TERM--GENRE/FORM | |
| Genre/form data or focus term | Historical fiction. |
| 655 #7 - INDEX TERM--GENRE/FORM | |
| Genre/form data or focus term | Historical fiction. |
| Source of term | lcgft |
| 655 #7 - INDEX TERM--GENRE/FORM | |
| Genre/form data or focus term | Novels. |
| Source of term | lcgft |
| 700 1# - ADDED ENTRY--PERSONAL NAME | |
| Personal name | Harper, Tom, |
| Dates associated with a name | 1977- |
| Relator term | author. |
| 9 (RLIN) | 77694 |
| 800 1# - SERIES ADDED ENTRY--PERSONAL NAME | |
| Personal name | Smith, Wilbur A. |
| Title of a work | Courtney series. |
| 9 (RLIN) | 6013441 |
| 994 ## - | |
| -- | C0 |
| -- | WACOL |
| Withdrawn status | Lost status | Source of classification or shelving scheme | Damaged status | Not for loan | Collection code | Home library | Current library | Shelving location | Date acquired | Source of acquisition | Total Checkouts | Total Renewals | Full call number | Barcode | Date last seen | Date checked out | Cost, replacement price | Price effective from | Koha item type |
|---|---|---|---|---|---|---|---|---|---|---|---|---|---|---|---|---|---|---|---|
| Dewey Decimal Classification | Fiction | Wasatch County Library | Wasatch County Library | First Floor | 07/06/2022 | Micromarketing | 8 | 2 | F Smith | 34301001847096 | 12/18/2025 | 12/06/2025 | 28.99 | 07/06/2022 | BOOK |
